Los diez mandamientos y el psicoanálisis /

محفوظ في:
التفاصيل البيبلوغرافية
المؤلف الرئيسي: Biro, Carlos E. (autor)
مؤلفون آخرون: Cueli, José (autor) (autor)
التنسيق: كتاب
اللغة:الإسبانية
منشور في: México : Diógenes, 1978, c1978
الموضوعات:
الوسوم: إضافة وسم
لا توجد وسوم, كن أول من يضع وسما على هذه التسجيلة!

MARC

LEADER 00000nam^a2200000^a^4500
001 000156132
005 20250521000000.0
009 20260310100454.198
020 |a 968-6021-04-3 
037 |a Acervo ITESO - Biblioteca 
041 |a ESP 
082 |a 201.  |b BIR 
100 |a Biro, Carlos E.  |e (autor) 
245 1 4 |a Los diez mandamientos y el psicoanálisis /  |c C.E. Biro, J. Cueli. 
264 4 |a México :  |b Diógenes,  |c 1978, c1978 
300 |a 80 p. 
336 |a texto  |b txt  |2 rdacontenido 
337 |a sin mediación  |b n  |2 rdamedio 
338 |a volumen  |b nc  |2 rdasoporte 
649 |a XX 
650 |a Diez Mandamientos 
650 |a Cristianismo 
650 |a Catolicismo 
650 |a Psicoanálisis y Religión 
650 |a Psicoanálisis 
650 |a Psicología 
650 |a Religión -  |x Teoría 
650 |a Cristianismo 
700 |a Cueli, José  |e (autor) 
910 |a Fondo Armando Suárez Gómez 
920 |a Impresos - Libros 
930 |a Fondos Especiales 
905 |a 111 
901 |a 0700003116  |b IT2  |c ESP  |u 20250521 
902 |a https://opac.biblio.iteso.mx/vufind/Record/000156132